Chansons pour tes yeux

Guardado en:
Bibliografiske detaljer
Hovedforfatter: Leclerc, Félix
Format: Bog
Sprog:Undetermined
Udgivet: Montreal, Canadá Fides 1976
Fag:
Tags: Tilføj Tag
Ingen Tags, Vær først til at tagge denne postø!

MARC

LEADER 00000nam a2200000Ia 4500
008 170316s9999 xx 000 0 und d
040 |a cru BVZT 
090 |a 818 L-14ch 
100 |a Leclerc, Félix 
245 |a Chansons pour tes yeux 
260 |a Montreal, Canadá 
260 |b Fides 
260 |c 1976 
300 |a 119 páginas 
650 |a LITERATURA CANADIENSE 
942 |c 15 D 
999 |c 6507  |d 6507